Stolice Ameryki Północnej, Południowej i Australii i Oceanii. - Statystyki

Ogólne statystyki
  • Ten quiz został rozwiązany 17 razy
  • Średni wynik to 5 z 15
Statystyki odpowiedzi
Państwo Stolica Państwo Stolica Państwo Stolica Państwo Stolica % Poprawnych
Stany ZjednoczoneAmeryki Waszyngton Antigua &Barbuda Saint Johns / Saint John's Brazylia Brasilia Fidżi Suva
71%
Belize Belmopan Saint Lucia Castries Argentyna Buenos Aires Samoa Apia
64%
Kanada Ottawa Saint Kitts& Nevis Basseterre Paragwaj Asuncion Tuvalu Vaiaku / Funafuti
57%
Honduras Tegucigalpa Grenada Saint Georges / Saint George's Australia Canberra
57%
Nikaragua Managua Barbados Bridgetown Nowa Zelandia Wellington
50%
Kuba Hawana Kolumbia Bogota Kiribati Bairiki
36%
Bahamy Nassau Wenezuela Caracas Nauru Yaren
36%
Dominikana Santo Domingo Boliwia Sucre / La Paz Vanuatu Port Vila
36%
Panama Panama Gujana Georgetown Wyspy Marshalla Delap / Majuro / Delap Uliga Djarrit
29%
Gwatemala Gwatemala Saint Vincent& Grenadyny Kingstown Chile Santiago
29%
Jamajka Kingston Ekwador Quito Papua-Nowa Gwinea Port Moresby
29%
Kostaryka San Jose Surinam Paramaribo Mikronezja Palikir
21%
Haiti Port-au-Prince / Port Au Prince Peru Lima Wyspy Salomona Honiara
0%
Salwador San Salwador / San Salvador Trynidad & Tobago Port of Spain Palau Ngerulmud
0%
Meksyk Meksyk / Mexico City Dominika Roseau Urugwaj Montevideo Tonga Nukualofa / Nuku'alofa
0%
Nie znaleziono quizów pasujących do podanych kryteriów
Rozkład punktacji
Procent ludzi z każdym wynikiem
Percentyl według liczby udzielonych odpowiedzi
Twoja historia wyników
Nie rozwiązałeś tego quizu